Elecciones presidenciales en El Salvador /
Se realiza una sintesis de la situacion socipolitica que ha experiementado los salvadoreños en las dos últimas elecciones del gobierno. WMV
Guardat en:
| Autor principal: | |
|---|---|
| Format: | Text |
| Matèries: | |
| Etiquetes: |
Afegir etiqueta
Sense etiquetes, Sigues el primer a etiquetar aquest registre!
|
MARC
| LEADER | 00000 a a2200000 04500 | ||
|---|---|---|---|
| 001 | 3809 | ||
| 003 | |||
| 040 | |||
| 100 | |a Fischer-Bollin, Peter | ||
| 245 | |a Elecciones presidenciales en El Salvador / |c Peter Fischer-Bollin | ||
| 520 | |a Se realiza una sintesis de la situacion socipolitica que ha experiementado los salvadoreños en las dos últimas elecciones del gobierno. WMV | ||
| 650 | |a POLITICA | ||
| 650 | |a ELECCIONES | ||
| 650 | |a DEMOCRACIA | ||
| 650 | |a SISTEMAS ELECTORALES | ||
| 650 | |a VOTACION | ||
| 650 | |a OPINION PUBLICA | ||
| 650 | |a PARTICIPACION SOCIAL | ||
| 650 | |a PARTICIPACION POLITICA | ||
| 650 | |a POLITICOS | ||
| 650 | |a SOCIEDAD CIVIL | ||
| 773 | |g volumen 16, número 2 (62); páginas 183-188 | ||
| 999 | |c 22194 |d 22194 | ||
